000 01349nam a2200397 a 4500
001 vtls000397503
003 NLI
005 20210603100713.0
008 110124s1985 bg g 000 1 ben d
020 _cRs.40.00
022 _cRs.
039 9 _a201103032022
_bbengal1
_c201102151801
_dbengal1
_y201101241913
_zbengal1
040 _aNLI
_bben
041 0 _aben
044 _aii
082 0 4 _a891.443
_222
100 1 _6880-01
_aআখতার মুকল, এম. আর
_9203638
245 1 0 _6880-02
_aরুপালী বাতাস
_cএম. আর আখতার মুকল
260 _aঢাকা:
_bসাগর পাবলিশার্স ,
_c1985
300 _a151p. ;
_c21cm.
650 0 _aBengali fiction
_9925
700 1 _6880-03
710 _6880-04
880 1 _6100-01(B
_aAkhtar Mukul, M.R.
880 1 0 _6245-02(B
_aRupali batas
_cM. R.Akhtar Mukul
880 1 _6700-03(B
880 1 _6700-04(B
887 _aSomenath Diyasi
901 _aG734
_b22.11.88
901 _a300
_b02.07.1986
_9C.2
902 _aB891.443 A9774
904 _aSomenath Diyasi
942 _2ddc
_cBKS
949 _AVIRTUAITEM
_D10008
_X100
_6GXX000000734BEN
_a B891.443 A9774
_eG734
999 _aVIRTUA
_c355366
_d355366
999 _aVTLSSORT0080*0200*0220*0400*0410*0440*0820*1000*2450*2600*3000*6500*7000*7100*8800*8801*8802*8803*9010*9011*9020*9040*9992